000 00856nam a22002531u 4500
001 06311
003 HDC
007 cr cn ---aaaaa
008 210123p2009 ||||| |||| 00| 0 eng
040 _aHDC
245 0 _aMalaysia: Productivity and Investment Climate Assessment Update (3)
260 _a[No place] :
_b[publisher not identified] ,
_c2009
300 _a85 pages
336 _atext
_2rdacontent
337 _acomputer
_2rdamedia
338 _aonline resource
_2rdacarrier
500 _aIncludes bibliographical references
650 _aAssessment Update
_96660
650 _aEconomic Planning Unit
_96659
856 _zRequest full-text at [email protected]
942 _2lcc
942 _cEIS
942 _kREPT 000280
999 _c3635
_d3635